000 00288nam a22001337a 4500
008 181031b xxu||||| |||| 00| 0 eng d
020 _a0397546483
041 _aeng
080 _a610.73
100 _a2
101 _aINF
245 _aCardiac Nursing
_cUnderhill, S.L
942 _2udc
_cBK
999 _c51374
_d51374